00276cam a22000857a 4500008004000000082001800040245007400058260005000132300000800182180718b1959 xxu||||| |||| 00| 0 eng d aY1x42 1958-59 aReport on work of the central land board : for financial year 1958-59 aLondonbHer Majesty's Stationery Officec1959 a9p.